[Event "SRB-chT2 East"]
[Site "Serbia"]
[Date "2010.09.12"]
[Round "1"]
[White "Turudic, Nenad"]
[Black "Stefanovic, Vladimir"]
[Result "1-0"]
[WhiteElo "2202"]
[BlackElo "2156"]
[PlyCount "77"]
[EventDate "2010.09.11"]
[EventType "team"]
[EventRounds "11"]
[EventCountry "SRB"]
[SourceTitle "EXT 2012"]
[Source "ChessBase"]
[SourceDate "2011.11.24"]
[SourceVersion "1"]
[SourceVersionDate "2011.11.24"]
[SourceQuality "1"]

1. e4 c5 2. Nf3 Nc6 3. d4 cxd4 4. Nxd4 g6 5. Nc3 Bg7 6. Be3 Nf6 7. Bc4 0-0 8. Bb3 d6 9. h3 Na5 10. Qd2 Nxb3 11. axb3 Re8 12. Ndb5 Bd7 13. Nxa7 Qc7 14. 0-0 Nxe4 15. Nxe4 b6 16. Ra6 Qb7 17. Rxb6 Qxe4 18. Nb5 Bxb5 19. Rxb5 Ra2 20. Rb4 Qc6 21. c3 Rc8 22. Rd1 Qa6 23. Bd4 Bxd4 24. Rxd4 Rb8 25. b4 Qb5 26. Rh4 Qe5 27. Re1 Rxb2 28. Rxe5 Rxd2 29. Rxe7 Rc8 30. Rf4 f5 31. c4 Rc2 32. b5 Rd2 33. Rd7 Ra8 34. c5 Rd5 35. c6 Rxb5 36. c7 Re5 37. Rd8+ Re8 38. Rxa8 Rxa8 39. Rb4 1-0

[Event "SRB-chT2 East"]
[Site "Pozarevac"]
[Date "2009.10.10"]
[Round "10.3"]
[White "Lukic, Igor V"]
[Black "Turudic, Nenad"]
[Result "1/2-1/2"]
[WhiteElo "2150"]
[BlackElo "2215"]
[PlyCount "64"]
[EventDate "2009.09.06"]
[EventType "team"]
[EventRounds "11"]
[EventCountry "SRB"]
[SourceTitle "EXT 2012"]
[Source "ChessBase"]
[SourceDate "2011.11.24"]
[SourceVersion "1"]
[SourceVersionDate "2011.11.24"]
[SourceQuality "1"]

1. d4 Nf6 2. Nf3 e6 3. e3 c5 4. Bd3 d5 5. dxc5 Bxc5 6. 0-0 Nc6 7. c4 0-0 8. Nc3 a6 9. Qe2 dxc4 10. Bxc4 b5 11. Bd3 Bb7 12. Rd1 Qc7 13. a3 Ne5 14. Nxe5 Qxe5 15. e4 Rfd8 16. Be3 Bxe3 17. Qxe3 Ng4 18. Qg3 Qxg3 19. hxg3 Ne5 20. Be2 Nc6 21. Rxd8+ Rxd8 22. Rd1 Nd4 23. Kf1 e5 24. Bd3 Kf8 25. f3 Ke7 26. Kf2 f6 27. Ke3 h6 28. Rd2 Nb3 29. Rd1 Rd7 30. Bc2 Nd4 31. Bd3 Rc7 32. Rd2 Rd7 1/2-1/2

[Event "SRB-chT2 East"]
[Site "Pozarevac"]
[Date "2009.09.20"]
[Round "3.6"]
[White "Turudic, Nenad"]
[Black "Vlajic, Sasa"]
[Result "0-1"]
[WhiteElo "2215"]
[BlackElo "2176"]
[PlyCount "61"]
[EventDate "2009.09.06"]
[EventType "team"]
[EventRounds "11"]
[EventCountry "SRB"]
[SourceTitle "EXT 2012"]
[Source "ChessBase"]
[SourceDate "2011.11.24"]
[SourceVersion "1"]
[SourceVersionDate "2011.11.24"]
[SourceQuality "1"]

1. e4 d5 2. exd5 Nf6 3. Nf3 Nxd5 4. d4 g6 5. Be2 Bg7 6. c4 Nb6 7. Nc3 0-0 8. 0-0 Bg4 9. c5 Nd5 10. Qb3 Nxc3 11. bxc3 b6 12. Rd1 Nd7 13. c6 Nf6 14. Ba3 Nd5 15. Re1 Nf4 16. Bd1 Bf6 17. Re4 g5 18. Nxg5 Bxd1 19. Qxd1 Bxg5 20. Qg4 e5 21. Bxf8 h5 22. Qf5 Kxf8 23. Rxe5 Bh6 24. Rae1 Qd6 25. g3 Qg6 26. Qd7 Kg7 27. Re7 Rf8 28. Kh1 Nd3 29. R1e2 Bg5 30. R7e4 Nxf2+ 31. Kg2 0-1

[Event "SRB-chT2 East"]
[Site "Golubac"]
[Date "2008.10.18"]
[Round "10.6"]
[White "Batanjac, Aleksandar"]
[Black "Turudic, Nenad"]
[Result "1/2-1/2"]
[WhiteElo "2177"]
[BlackElo "2224"]
[PlyCount "25"]
[EventDate "2008.09.14"]
[EventType "team"]
[EventRounds "11"]
[EventCountry "SRB"]
[SourceTitle "EXT 2012"]
[Source "ChessBase"]
[SourceDate "2011.11.24"]
[SourceVersion "1"]
[SourceVersionDate "2011.11.24"]
[SourceQuality "1"]

1. e4 e5 2. Nf3 Nc6 3. d4 exd4 4. Bc4 Nf6 5. e5 Ne4 6. Bd5 Nc5 7. 0-0 Ne6 8. Nbd2 Be7 9. Nb3 0-0 10. Bxe6 dxe6 11. Nbxd4 Nxd4 12. Qxd4 Qxd4 13. Nxd4 1/2-1/2

[Event "SRB-chT2 East"]
[Site "Serbia"]
[Date "2007.10.20"]
[Round "10.4"]
[White "Turudic, Nenad"]
[Black "Ilcic, Radoslav"]
[Result "1-0"]
[WhiteElo "2232"]
[BlackElo "2201"]
[PlyCount "90"]
[EventDate "2007.09.09"]
[EventType "team"]
[EventRounds "11"]
[EventCountry "SRB"]
[SourceTitle "EXT 2012"]
[Source "ChessBase"]
[SourceDate "2011.11.24"]
[SourceVersion "1"]
[SourceVersionDate "2011.11.24"]
[SourceQuality "1"]
[WhiteTeam "Kostolac Rudar"]
[BlackTeam "Zeleni Svrljig"]
[WhiteTeamCountry "SRB"]
[BlackTeamCountry "SRB"]

1. e4 e5 2. Nf3 Nc6 3. Bb5 a6 4. Ba4 Nf6 5. d3 d6 6. c3 Bd7 7. 0-0 Be7 8. Re1 0-0 9. Nbd2 Re8 10. Nf1 h6 11. Bc2 Bf8 12. Ng3 Ne7 13. d4 Ng6 14. h3 c5 15. Be3 Rc8 16. Qd2 Qc7 17. d5 b5 18. a4 Rb8 19. axb5 axb5 20. b4 Ra8 21. Bd3 Rec8 22. Rxa8 Rxa8 23. Qb2 c4 24. Bc2 Qb7 25. Ra1 Ra6 26. Ra5 Be7 27. Qa3 Bc8 28. Rxa6 Qxa6 29. Qxa6 Bxa6 30. Nf5 Bc8 31. N3h4 Nxd5 32. exd5 Bxh4 33. Nxd6 Bd7 34. Bf5 Bxf5 35. Nxf5 Bf6 36. d6 Bd8 37. Bc5 f6 38. d7 Kf7 39. Nd6+ Ke6 40. Nxb5 Kxd7 41. Na3 Nf4 42. Kf1 Nd5 43. Nxc4 Nxc3 44. Bf8 g5 45. g3 h5 1-0

[Event "SRB-chT2 East"]
[Site "Serbia"]
[Date "2007.10.07"]
[Round "5.6"]
[White "Turudic, Nenad"]
[Black "Grujic, Nebojsa"]
[Result "1/2-1/2"]
[WhiteElo "2232"]
[BlackElo "2204"]
[PlyCount "75"]
[EventDate "2007.09.09"]
[EventType "team"]
[EventRounds "11"]
[EventCountry "SRB"]
[SourceTitle "EXT 2012"]
[Source "ChessBase"]
[SourceDate "2011.11.24"]
[SourceVersion "1"]
[SourceVersionDate "2011.11.24"]
[SourceQuality "1"]
[WhiteTeam "Kostolac Rudar"]
[BlackTeam "Paracin Borac"]
[WhiteTeamCountry "SRB"]
[BlackTeamCountry "SRB"]

1. e4 e6 2. d4 d5 3. Nc3 Bb4 4. e5 c5 5. a3 Bxc3+ 6. bxc3 Ne7 7. h4 Nbc6 8. h5 h6 9. Nf3 Qa5 10. Bd2 c4 11. g3 Bd7 12. Bh3 0-0-0 13. 0-0 Rdg8 14. Nh2 Kb8 15. Ng4 Rf8 16. Qc1 Ng8 17. Re1 Bc8 18. a4 Qd8 19. Kg2 Qe8 20. Bf4 Ka8 21. a5 a6 22. Qe3 Nd8 23. Reb1 Ne7 24. Rb6 Nec6 25. Qe2 Na7 26. Bc1 Nb5 27. Bd2 Bd7 28. Ne3 Bc6 29. Kg1 f5 30. exf6 gxf6 31. Ng2 e5 32. dxe5 Qxe5 33. Qxe5 fxe5 34. Nh4 Re8 35. Ng6 Rh7 36. Re1 Nf7 37. Rxc6 bxc6 38. Bd7 1/2-1/2

[Event "SRB-chT2 East"]
[Site "Serbia"]
[Date "2006.10.27"]
[Round "9.2"]
[White "Keca, Dragomir"]
[Black "Turudic, Nenad"]
[Result "1/2-1/2"]
[WhiteElo "2221"]
[BlackElo "2233"]
[PlyCount "21"]
[EventDate "2006.09.09"]
[EventType "team"]
[EventRounds "11"]
[EventCountry "SRB"]
[SourceTitle "EXT 2012"]
[Source "ChessBase"]
[SourceDate "2011.11.24"]
[SourceVersion "1"]
[SourceVersionDate "2011.11.24"]
[SourceQuality "1"]

1. Nf3 Nf6 2. c4 c5 3. d4 cxd4 4. Nxd4 Nc6 5. Nc3 e6 6. a3 Be7 7. e4 d6 8. Be2 0-0 9. 0-0 a6 10. Be3 Qc7 11. Rc1 1/2-1/2

[Event "SRB-chT2 East"]
[Site "Serbia"]
[Date "2006.09.16"]
[Round "2.6"]
[White "Popovic, Djordje D"]
[Black "Turudic, Nenad"]
[Result "0-1"]
[WhiteElo "2312"]
[BlackElo "2233"]
[PlyCount "78"]
[EventDate "2006.09.09"]
[EventType "team"]
[EventRounds "11"]
[EventCountry "SRB"]
[SourceTitle "EXT 2012"]
[Source "ChessBase"]
[SourceDate "2011.11.24"]
[SourceVersion "1"]
[SourceVersionDate "2011.11.24"]
[SourceQuality "1"]

1. d4 d5 2. Nf3 Nf6 3. c4 c6 4. Nc3 a6 5. e3 g6 6. Qb3 Bg7 7. Bd3 0-0 8. 0-0 dxc4 9. Bxc4 b5 10. Be2 Bf5 11. a4 Nbd7 12. axb5 cxb5 13. Nh4 Be6 14. d5 Nxd5 15. Nxd5 Nc5 16. Qa3 Qxd5 17. Bf3 Qc4 18. Bxa8 Rxa8 19. Bd2 Nb3 20. Nf3 Nxa1 21. Rxa1 Qb3 22. Qxb3 Bxb3 23. Nd4 Bc4 24. h3 e5 25. Nc6 e4 26. Nd4 h5 27. Rc1 a5 28. b3 Bd3 29. Rc5 a4 30. bxa4 bxa4 31. g4 a3 32. Bc3 a2 33. Ba1 Rb8 34. Kg2 Rb1 35. Bc3 a1Q 36. Bxa1 Rxa1 37. Rc8+ Kh7 38. Re8 Ra2 39. Nc6 Bb5 0-1

[Event "YUG-chT2"]
[Site "Tivat"]
[Date "1995.??.??"]
[Round "9"]
[White "Turudic, Nenad"]
[Black "Rabrenovic, Vladan"]
[Result "0-1"]
[WhiteElo "2285"]
[BlackElo "2315"]
[PlyCount "142"]
[EventDate "1995.??.??"]
[EventType "team"]
[EventRounds "11"]
[EventCountry "YUG"]
[SourceTitle "EXT 2002"]
[Source "ChessBase"]
[SourceDate "2001.11.25"]
[SourceVersion "1"]
[SourceVersionDate "2001.11.25"]
[SourceQuality "1"]

1. e4 c5 2. Nf3 e6 3. d4 cxd4 4. Nxd4 Nc6 5. Nc3 d6 6. g4 Nge7 7. Be3 Nxd4 8. Qxd4 Nc6 9. Qd2 Be7 10. 0-0-0 a6 11. f4 0-0 12. g5 b5 13. h4 Qa5 14. Kb1 b4 15. Ne2 Bb7 16. Ng3 Rfc8 17. Bd3 Na7 18. Bxa7 Rxa7 19. h5 Qc5 20. f5 Qe5 21. Qe3 Raa8 22. Rdf1 a5 23. f6 gxf6 24. g6 Bf8 25. gxf7+ Kxf7 26. h6 Qc5 27. Qf4 Be7 28. Rh5 Qd4 29. Ne2 Qb6 30. Rg5 Rg8 31. Rfg1 Rxg5 32. Rxg5 Bf8 33. Rb5 Qc7 34. Rh5 Ba6 35. Bxa6 Rxa6 36. Rh2 Rc6 37. Nd4 d5 38. Qxc7+ Rxc7 39. exd5 exd5 40. Nf5 Rc4 41. Rh1 Re4 42. Kc1 Kg6 43. Nh4+ Kxh6 44. Nf3+ Kg6 45. Nh4+ Kf7 46. Nf3 h6 47. Kd2 Bd6 48. Kd3 Bf4 49. Rf1 h5 50. c3 bxc3 51. bxc3 Kg6 52. Nd4 Be5 53. Nf3 h4 54. Rg1+ Kf7 55. Rf1 Ke6 56. Rh1 Rc4 57. Nd4+ Bxd4 58. cxd4 Ra4 59. Rxh4 Ra3+ 60. Ke2 Rxa2+ 61. Kf3 Ra3+ 62. Ke2 a4 63. Rh8 Rg3 64. Ra8 a3 65. Kf2 Rd3 66. Ra5 Rh3 67. Kg2 Rb3 68. Kf2 Kf5 69. Rxd5+ Ke4 70. Ra5 Kxd4 71. Ra6 Kc3 0-1